• 首页
  • 本馆介绍
  • 公告通知
  • 最新文献
  • 馆藏检索
  • 电子资源
  • 读者导购
  • 参考咨询
  • 我的图书馆
  • 登录
  • 详细信息显示
  • 放入我的书架
  • 预约/预借图书
  • 作者相关作品
  • 分类相关作品
  • 丛书相关作品
  • 出版社相关作品

书目信息

  • 表格格式
  • 工作单格式
  • 卡片格式
题名:
答案就在鼻子底下
    
 
作者: 阿森 , 纳生·阿森 著 ;鹤子 , 鹤子 译
分册:  
出版信息: 长春   吉林人民出版社  2005
页数: 67页
开本: 20cm
丛书名: 美利坚《教你创业》丛书
单 册:
中图分类: F279.712.3
科图分类:
主题词: 工商企业--企业管理--经验--美国 , 工商企业 , 企业管理
电子资源:
ISBN: 7-206-03408-X
000 01226nam2 2200337 45
001 012005200235
005 20061218145152.23
010    @a7-206-03408-X@dCNY8.00
092    @aCN@b471164
100    @a20051010d2005 em y0chiy0120 ea
101 1  @achi@ceng
102    @aCN@b220000
105    @aac z 000yy
200 1  @a答案就在鼻子底下@Ada an jiu zai bi zi di xia@e从偶然事件走向成功@f(美)纳生·阿森著@F(mei)na sheng·a sen zhu@g鹤子译@Ghe zi yi
210    @a长春@c吉林人民出版社@d2005
215    @a67页@c图,肖像@d20cm
225 2  @a美利坚《教你创业》丛书
300    @a本书荣膺美国图联书评荣誉奖、号角图书奖、美国图书馆年鉴奖等多项大奖。
330    @a书中没有多讲大道理,说的都是著名公司、著名产品、大发明家、大企业家的真实故事,又是从他们创业之初说起的。
461  0 @12001 @a美利坚教你创业丛书
517 1  @a从偶然事件走向成功@9cong ou ran shi jian zou xiang cheng gong
606 0  @a工商企业@x企业管理@x经验@y美国
606 0  @a工商企业
606 0  @a企业管理
690    @aF279.712.3@v3
701  1 @a阿森@9a sen@b纳生@4著
701  0 @a纳生·阿森@Ana sheng·a sen@4著
702  0 @a鹤子@9he zi@4译
702  0 @a鹤子@Ahe zi@4译
801  0 @aCN@bLZJBOOK@c20061218
905    @a10447@dF279.712.3@e365:2
    
    答案就在鼻子底下:从偶然事件走向成功/(美)纳生·阿森著/鹤子译.-长春:吉林人民出版社,2005
    67页:图,肖像;20cm.-(美利坚《教你创业》丛书)
    本书荣膺美国图联书评荣誉奖、号角图书奖、美国图书馆年鉴奖等多项大奖。
    
    ISBN 7-206-03408-X:CNY8.00
    书中没有多讲大道理,说的都是著名公司、著名产品、大发明家、大企业家的真实故事,又是从他们创业之初说起的。
●
相关链接 在E读中查询图书 在五车中查询图书 在当当中查询图书 在豆瓣中查询图书


正题名:答案就在鼻子底下     索取号:F279.712.3/365:2         预约/预借

序号 登录号 条形码 馆藏地/架位号 状态 备注
1 0556009   205560098   第一样本阅览室/ [索取号:F279.712.3/365:2] 在馆    
2 0556010   205560105   密集书库/ [索取号:F279.712.3/365:2] 在馆    
3 0556011   205560114   第一借阅区/ [索取号:F279.712.3/365:2] 在馆    
4 0556012   205560123   密集书库/ [索取号:F279.712.3/365:2] 在馆    
5 0556013   205560132   第一借阅区/ [索取号:F279.712.3/365:2] 在馆    
6 0556014   205560141   密集书库/ [索取号:F279.712.3/365:2] 在馆    
7 0556015   205560150   第一借阅区/ [索取号:F279.712.3/365:2] 在馆    
8 0556016   205560169   密集书库/ [索取号:F279.712.3/365:2] 在馆    
唐山师范学院图书馆 欢迎您!
大连网信软件有限公司© 版权所有